Vymeniteľný prestavník železničných výhybiek. B 61L 5/10

Bibliographic Details
Format: Book
Language:Undetermined
PhysicalDescription:5 s.
Published: Bratislava Úrad priemyselného vlastníctva SR 1998

MARC

LEADER 00000nam a2200000 a 4500
001 vtls001331667
003 SK-MaSNL
005 20260224064256.0
008 180126sm y0 xo 0 und
035 |a SNK000284553 
040 |a SNK  |b slo  |c SNK  |e AACR2 
044 |a xo  |c SK 
245 1 |a Vymeniteľný prestavník železničných výhybiek. B 61L 5/10 
260 |a Bratislava  |b Úrad priemyselného vlastníctva SR  |c 1998 
300 |a 5 s. 
999 |c 890539  |d 892469 
952 |t P60, <04>, [BOOK], {604}  |a SNK  |b SNK  |y VYP  |7 0  |p 17A0138024  |o snkSK 278855  |i snkPS 165/98  |0 0  |1 0  |4 0  |d 1998-05-19  |l 0  |r 2005-01-02 00:00:00  |w 2026-02-24